| 000 | 00549nam a2200193Ia 4500 | ||
|---|---|---|---|
| 005 | 20260429112203.0 | ||
| 008 | 260429s9999||||xx |||||||||||||| ||und|| | ||
| 020 | _a9789355273512 | ||
| 041 | _aEnglish | ||
| 082 |
_a181.45 _bKEI |
||
| 100 | _aKeith, Arthur Berriedale | ||
| 245 | 0 |
_aHistory of the Samkhya philosophy : _bthe Samkhya system / _cArthur Berriedale Keith |
|
| 250 | _a1st ed. | ||
| 260 |
_aChennai : _bMaven Books, _c2023. |
||
| 300 | _a109 p.; pbk | ||
| 650 | _a Hindu philosophy | ||
| 650 | _aSamkhya philosophy | ||
| 942 | _cTB | ||
| 999 |
_c52794 _d52794 |
||